Sports Quiz

Random Sports or City Quiz

Which Cities have MLB, NHL, NFL, NBA Tea Quiz Stats

Quiz not verified by Sporcle

Challenge
Share
Tweet
Score 0/13 Timer 06:00
0 Plays Today
% Correct
New York
98.1%
Chicago
90.3%
Boston
89.4%
Dallas
88.9%
Miami
85.6%
Philadelphia
81.9%
Detroit
80.3%
Atlanta
78.5%
Denver
75.2%
Washington
75%
Phoenix
72%
Minnesota
43.3%
Los Angelas
7.6%

You're not logged in!

Compare scores with friends on all Sporcle quizzes.
Sign Up with Email
OR
Log In

You Might Also Like...

Show Comments

Extras

Top Quizzes Today


Score Distribution

Your Account Isn't Verified!

In order to create a playlist on Sporcle, you need to verify the email address you used during registration. Go to your Sporcle Settings to finish the process.

Report this User

Report this user for behavior that violates our Community Guidelines.

Details: